• 首页
  • 本馆介绍
  • 公告通知
  • 最新文献
  • 馆藏检索
  • 电子资源
  • 读者导购
  • 参考咨询
  • 我的图书馆
  • 登录
  • 详细信息显示
  • 放入我的书架
  • 预约/预借图书
  • 作者相关作品
  • 分类相关作品
  • 丛书相关作品
  • 出版社相关作品

书目信息

  • 表格格式
  • 工作单格式
  • 卡片格式
题名:
历代画论经典导读
    
 
作者: 冯晓林 著
分册:  
出版信息: 长春   东北师范大学出版社  2018
页数: 471页
开本: 24cm
丛书名:
单 册:
中图分类: J212.05
科图分类:
主题词: 中国画--Zhong Guo Hua--绘画评论
电子资源:
ISBN: 978-7-5681-4078-2
000 00796nam0 2200241 450
001 012001007744
005 20131021131525.0
010    @a978-7-5681-4078-2@dCNY86.80
099    @aCAL 012018197878
100    @a20181225d2018 em y0chiy50 ea
101 0  @achi
102    @aCN@b220000
105    @ay z 000yy
106    @ar
200 1  @a历代画论经典导读@ALi Dai Hua Lun Jing Dian Dao Du@e学术版@f冯晓林著
210    @a长春@c东北师范大学出版社@d2018
215    @a471页@d24cm
330    @a本书主要内容包括:先秦两汉画论精读、魏晋六朝画论精读、唐五代画论精读、宋无画论精读、明代画论精读、清代画论精读等。
606 0  @a中国画@AZhong Guo Hua@x绘画评论
690    @aJ212.05@v5
701  0 @a冯晓林@AFeng Xiaolin@4著
801  0 @aCN@b上海新华@c20191020
905    @b1180199-202@dJ212.05@e1077@f4
    
    历代画论经典导读:学术版/冯晓林著.-长春:东北师范大学出版社,2018
    471页;24cm
    
    
    ISBN 978-7-5681-4078-2:CNY86.80
    本书主要内容包括:先秦两汉画论精读、魏晋六朝画论精读、唐五代画论精读、宋无画论精读、明代画论精读、清代画论精读等。
●
相关链接 在E读中查询图书 在五车中查询图书 在当当中查询图书 在豆瓣中查询图书


正题名:历代画论经典导读     索取号:J212.05/1077         预约/预借

序号 登录号 条形码 馆藏地/架位号 状态 备注
1 1180199   211801996   第一样本阅览室/ [索取号:J212.05/1077] 在馆    
2 1180200   211802003   第一借阅区/ [索取号:J212.05/1077] 在馆    
3 1180201   211802012   第一借阅区/ [索取号:J212.05/1077] 在馆    
4 1180202   211802021   第一借阅区/ [索取号:J212.05/1077] 在馆    
唐山师范学院图书馆 欢迎您!
大连网信软件有限公司© 版权所有